Normal view
MARC view
- Singh, Alam
Entry Personal Name
001 - CONTROL NUMBER
- control field: 7416
003 - CONTROL NUMBER IDENTIFIER
- control field: OSt
005 - DATE AND TIME OF LATEST TRANSACTION
- control field: 20250415143451.0
008 - FIXED-LENGTH DATA ELEMENTS
- fixed length control field: 250415|| aca||aabn | a|a d
040 ## - CATALOGING SOURCE
- Original cataloging agency: OSt
- Transcribing agency: OSt
100 ## - HEADING--PERSONAL NAME
- Personal name: Singh, Alam
670 ## - SOURCE DATA FOUND
- Source citation: Work cat.: (OSt)10458: Singh, Alam ., Soil engineering: In theory and practice / , 1967.
